000 00879cam a2200277 4500
001 J89029
008 090401t xxu||||| |||| 00| 0 eng d
035 _a(Sirsi) u83431
041 _aeng
050 _a692.209492
110 _aInstitute of Building Control
_93341
245 _aReview of European building regulations and technical provisions: The Netherlands.
250 _a(Rev. ed?)
260 _aEpsom, Surrey
_bInstitute of Building Control
_c1996?
300 _a32p. ; 30cm.
350 _a25
520 _aCover title. Review undertaken by the Institute of Building Control on behalf of the DoE.
650 _aBUILDING CONTROL
_96222
650 _aBUILDING REGULATIONS
_96224
650 _aDEPARTMENT OF THE ENVIRONMENT
650 _aEUROPE
650 _aNETHERLANDS
690 _aBUILDING AND CONSTRUCTION-REGULATIONS
942 _n0
948 _c29/01/1998
999 _c96901
_d96901